Central Library OPAC University of Rajshahi

The visionary landscape : (Record no. 62318)

MARC details
000 -LEADER
fixed length control field 00752nam a2200253 a 4500
001 - CONTROL NUMBER
control field 62318
003 - CONTROL NUMBER IDENTIFIER
rucl marc code BD-RjUL
005 - DATE AND TIME OF LATEST TRANSACTION
control field 20211209081053.0
008 - FIXED-LENGTH DATA ELEMENTS--GENERAL INFORMATION
fixed length control field 170123s1971 enk b 001 0 eng
020 ## - INTERNATIONAL STANDARD BOOK NUMBER
International Standard Book Number 0713155795
035 ## - SYSTEM CONTROL NUMBER
System control number (BD-RjUL)62444
040 ## - CATALOGING SOURCE
Original cataloging agency DLC
Transcribing agency DLC
Modifying agency BD-RjUL
Language of cataloging eng
041 ## - LANGUAGE CODE
Language code of text/sound track or separate title eng
082 00 - DEWEY DECIMAL CLASSIFICATION NUMBER
Classification number 809.915
Edition number 23
Author mark and year PIV 1971
100 1# - MAIN ENTRY--PERSONAL NAME
Personal name Piehler, Paul.
9 (RLIN) 185355
245 14 - TITLE STATEMENT
Title The visionary landscape :
Remainder of title a study in medieval allegory /
Statement of responsibility, etc. Paul Piehler
260 ## - PUBLICATION, DISTRIBUTION, ETC. (IMPRINT)
Place of publication, distribution, etc. London :
Name of publisher, distributor, etc. Edward Arnold,
Date of publication, distribution, etc. c1971.
300 ## - PHYSICAL DESCRIPTION
Pagination 170 p. ;
Size 23 cm.
350 ## - PRICE (NR) (BK AM CF MU VM SE) [OBSOLETE]
Price £2.75
504 ## - BIBLIOGRAPHY, ETC. NOTE
Bibliography, etc Includes bibliographical references and index
650 #0 - SUBJECT ADDED ENTRY--TOPICAL TERM
Topical term or geographic name as entry element Literature, Medieval
General subdivision History and criticism.
9 (RLIN) 185356
Topical term or geographic name as entry element Allegory.
9 (RLIN) 185357
942 ## - ADDED ENTRY ELEMENTS (KOHA)
Source of classification or shelving scheme Dewey Decimal Classification
Koha item type Books
Holdings
Lost status Source of classification or shelving scheme Damaged status Not for loan Collection code Permanent Location Current Location Shelving location Date acquired Source of acquisition Cost, normal purchase price Total Checkouts Full call number Date last seen Copy number Koha item type
  Dewey Decimal Classification   Not For Loan Non-fiction Central Library, University of Rajshahi Central Library, University of Rajshahi Reading Room 28/11/1975 Gonathan & Co. 2.75   809.915 PIV 1971 23/01/2017 C-1 Books